| 000 | 00478nam a2200181Ia 4500 | ||
|---|---|---|---|
| 005 | 20250423101619.0 | ||
| 008 | 250422s9999 xx 000 0 und d | ||
| 020 | _a0-201-61273-9 | ||
| 050 | _aQA 76.64 .B835/ | ||
| 100 | _aTimothy Budd | ||
| 245 | 0 | _aUnderstanding Object - Oriented Programming with Java | |
| 260 | _aMassachusets | ||
| 260 | _bAddison - Wesley Longman Inc | ||
| 260 | _c2000 | ||
| 300 | _a420 p | ||
| 650 | _aObject Oriented Programming | ||
| 942 | _cBK | ||
| 999 |
_c36757 _d36757 |
||